[Event "Ä15Ï"]
[Site "Loo"]
[Date "2017.04.28"]
[Round "9.2"]
[White "Øóáèíà, Åêàòåðèíà."]
[Black "Ñàôðîíîâà, Àëåêñàíäðà."]
[Result "0-1"]
[WhiteElo "1692"]
[BlackElo "1749"]
[PlyCount "138"]
[EventDate "2017.04.20"]

1. e4 c5 2. Nf3 d6 3. d4 cxd4 4. Nxd4 Nf6 5. Nc3 g6 6. Be3 Bg7 7. f3 O-O 8. Qd2
Nc6 9. g4 Be6 10. Nxe6 fxe6 11. O-O-O Ne5 12. Be2 Qa5 13. h4 b5 14. g5 Nfd7 15.
f4 b4 16. fxe5 bxc3 17. Qxc3 Qxc3 18. bxc3 Nxe5 19. Kd2 Rac8 20. Bd4 Nc4+ 21.
Kc1 a5 22. Bg4 Rc7 23. Bxe6+ Kh8 24. h5 gxh5 25. Bxg7+ Kxg7 26. Bxc4 Rxc4 27.
Rxh5 Rxe4 28. Rdh1 Rh8 29. g6 Kxg6 30. Rxa5 h5 31. Kd2 h4 32. Rg1+ Kf6 33. Kd3
Re5 34. Ra4 h3 35. Re4 h2 36. Rh1 Rh3+ 37. Kd4 Rg5 38. Re2 e6 39. Kc4 Rc5+ 40.
Kb4 Rh4+ 41. Ka3 Rxc3+ 42. Kb2 Rch3 43. a4 Rxa4 44. Rhxh2 Rb4+ 45. Kc1 Rxh2 46.
Rxh2 Rg4 47. Kd2 d5 48. Kd3 e5 49. Rh6+ Rg6 50. Rh3 Kf5 51. Rf3+ Ke6 52. Rh3
Kd6 53. c4 d4 54. Rh5 Rg3+ 55. Kd2 Re3 56. Rh8 Kd7 57. Rh7+ Kd6 58. Rh8 Rc3 59.
Rc8 e4 60. Kd1 e3 61. Ke2 Rc2+ 62. Kd1 Rd2+ 63. Ke1 d3 64. Re8 Re2+ 65. Kd1 Kc5
66. Rd8 Rd2+ 67. Kc1 Rc2+ 68. Kd1 e2+ 69. Ke1 Rc1+ 0-1

[Event "Ä15Ï"]
[Site "Loo"]
[Date "2017.04.28"]
[Round "9.3"]
[White "Ãðóíèíà, Ìàðãàðèòà."]
[Black "Êîìáàð, Ìàðèÿ."]
[Result "1/2-1/2"]
[WhiteElo "1678"]
[BlackElo "1528"]
[PlyCount "91"]
[EventDate "2017.04.20"]

1. e4 c5 2. Nf3 e6 3. d4 cxd4 4. Nxd4 Nc6 5. c4 Nf6 6. Nc3 Bb4 7. f3 O-O 8. Be3
d5 9. exd5 exd5 10. Be2 Re8 11. Qd2 Qe7 12. Bf2 Nxd4 13. Bxd4 dxc4 14. O-O Bxc3
15. Qxc3 Qxe2 16. Bxf6 Qe3+ 17. Qxe3 Rxe3 18. Bc3 Bf5 19. Rfe1 Rxe1+ 20. Rxe1
Be6 21. Rd1 Kf8 22. Kf2 f6 23. Rd6 Kf7 24. h3 Rc8 25. f4 Rc5 26. g4 Rd5 27.
Rxd5 Bxd5 28. f5 Be4 29. Ke3 Bd3 30. h4 h5 31. Kf4 hxg4 32. Kxg4 Be2+ 33. Kf4
g6 34. a3 Bd3 35. fxg6+ Kxg6 36. h5+ Kxh5 37. Bxf6 Kg6 38. Bd4 a6 39. Ke5 Kg5
40. Kd5 Kf5 41. Kc5 Ke4 42. Bc3 Ke3 43. Kb6 Be4 44. Bh8 Bc6 45. Bc3 Kd3 46. Bh8
1/2-1/2

[Event "Ä15Ï"]
[Site "Loo"]
[Date "2017.04.28"]
[Round "9.4"]
[White "Êàìàåâà, Äæàìèëÿ."]
[Black "Ñòðóêîâà, Êñåíèÿ."]
[Result "0-1"]
[WhiteElo "1563"]
[BlackElo "1762"]
[PlyCount "98"]
[EventDate "2017.04.20"]

1. d4 Nf6 2. Nf3 d6 3. g3 g6 4. Bg2 Bg7 5. O-O O-O 6. c4 c6 7. Nc3 Qb6 8. b3 e5
9. dxe5 dxe5 10. Bb2 Re8 11. Na4 Qc7 12. e3 Bf5 13. Qe2 Na6 14. Ba3 Rad8 15.
Rad1 Rxd1 16. Rxd1 e4 17. Nd4 Bg4 18. f3 exf3 19. Nxf3 Ne4 20. Qd3 Qa5 21. Rf1
Bf5 22. Nd4 Nf2 23. Qc3 Qxc3 24. Nxc3 Nh3+ 25. Kh1 Bc8 26. Ne4 Be5 27. Bd6 Kg7
28. Bxe5+ Rxe5 29. Nd6 Bg4 30. Rxf7+ Kg8 31. Rxb7 Rxe3 32. Bxh3 Bxh3 33. Kg1
Rd3 34. Rxa7 Rxd4 35. Ra8+ Kg7 36. Ra7+ Kf8 37. Rxh7 Rxd6 38. Rxh3 Rd1+ 39. Kg2
Rd2+ 40. Kg1 Rxa2 41. Rh7 Nb4 42. Rb7 Nd3 43. Rb6 Ne5 44. h4 Ke7 45. c5 Ke6 46.
b4 Kf5 47. b5 Kg4 48. bxc6 Nf3+ 49. Kf1 Kxg3 0-1

[Event "Ä15Ï"]
[Site "Loo"]
[Date "2017.04.28"]
[Round "9.5"]
[White "Êóäðÿâöåâà, Ìàðèÿ."]
[Black "Ëûñåíêî, Îëåñÿ."]
[Result "1-0"]
[WhiteElo "1758"]
[BlackElo "1500"]
[PlyCount "91"]
[EventDate "2017.04.20"]

1. d4 Nf6 2. c4 g6 3. Nc3 Bg7 4. e4 d6 5. Nf3 O-O 6. h3 Nbd7 7. Bg5 h6 8. Be3
e5 9. d5 Ne8 10. g4 Nb6 11. Qd2 Kh7 12. Bd3 Bd7 13. Rg1 c6 14. h4 f6 15. Rg3
Qc8 16. g5 h5 17. gxf6 Nxf6 18. Ng5+ Kh8 19. O-O-O cxd5 20. cxd5 Ng4 21. Kb1
Nc4 22. Bxc4 Qxc4 23. f3 Nxe3 24. Qxe3 Rf6 25. Rdg1 Be8 26. Ne6 b6 27. Rc1 Rc8
28. Ne2 Qa6 29. Nc3 Bf7 30. Nxg7 Kxg7 31. Rg2 Be8 32. Rgc2 Rf7 33. Rf2 Bb5 34.
f4 Rcf8 35. f5 Rf6 36. Rg2 Bf1 37. Rg3 Bb5 38. Nxb5 Qxb5 39. Rcg1 Rc8 40. Rxg6+
Rxg6 41. Rxg6+ Kf7 42. Qg1 Qd3+ 43. Ka1 Ke7 44. Rg7+ Kd8 45. Qg5+ Ke8 46. Qe7#
1-0

[Event "Ä15Ï"]
[Site "Loo"]
[Date "2017.04.28"]
[Round "9.6"]
[White "Êðåíäÿñåâà, Âàëåðèÿ."]
[Black "ßêóøèíà, Åêàòåðèíà."]
[Result "0-1"]
[WhiteElo "1670"]
[BlackElo "1744"]
[PlyCount "60"]
[EventDate "2017.04.20"]

1. e4 e6 2. d4 d5 3. e5 c5 4. c3 Nc6 5. Nf3 Bd7 6. Be2 Nge7 7. a3 c4 8. Nbd2
Na5 9. O-O Nc8 10. Rb1 Nb6 11. Qe1 Ba4 12. Bd1 Qd7 13. h3 Bxd1 14. Qxd1 Na4 15.
Qc2 b5 16. Nh2 Nc6 17. b4 cxb3 18. Qxb3 a6 19. Bb2 Na5 20. Qc2 Rc8 21. Ra1 Be7
22. f4 O-O 23. Ng4 Rc6 24. Ne3 Rfc8 25. Rfc1 Qc7 26. Nd1 f6 27. exf6 Bxf6 28.
Nf3 Qxf4 29. Qd3 Nb3 30. Rc2 Nxb2 0-1

[Event "Ä15Ï"]
[Site "Loo"]
[Date "2017.04.28"]
[Round "9.7"]
[White "Ëàðèíà, Òàòüÿíà."]
[Black "Ñëåñàðåâà, Ìèðàñëàâà."]
[Result "1-0"]
[WhiteElo "1738"]
[BlackElo "1725"]
[PlyCount "111"]
[EventDate "2017.04.20"]

1. e4 e5 2. Nf3 Nc6 3. d4 exd4 4. Nxd4 Nf6 5. Nxc6 dxc6 6. Qxd8+ Kxd8 7. f3 Be6
8. Be3 Ke8 9. Nd2 Rd8 10. Bf4 Kd7 11. Bc4 Bd6 12. Bg5 h6 13. Bh4 g5 14. Bf2 c5
15. Bxe6+ Kxe6 16. Nc4 b6 17. O-O Nh5 18. Rad1 Be5 19. Nxe5 Kxe5 20. Bg3+ Nxg3
21. hxg3 b5 22. Kf2 c6 23. Ke3 Ke6 24. Rxd8 Rxd8 25. Rh1 Rh8 26. f4 gxf4+ 27.
gxf4 a5 28. Rh5 c4 29. a4 bxa4 30. Rxa5 Rb8 31. Rxa4 Rxb2 32. Rxc4 Kd6 33. Kd4
Rb1 34. e5+ Kc7 35. g3 Rg1 36. Rc3 Rg2 37. Ke4 h5 38. Kf5 Kd7 39. Kf6 h4 40.
gxh4 Rg4 41. f5 Ke8 42. Rxc6 Rxh4 43. Rc8+ Kd7 44. Rf8 Rh6+ 45. Kxf7 Rh7+ 46.
Kg6 Rh2 47. e6+ Ke7 48. Rf7+ Ke8 49. Rc7 Kd8 50. Rc6 Ke8 51. f6 Rg2+ 52. Kh5
Rh2+ 53. Kg4 Kd8 54. Ra6 Re2 55. Ra8+ Kc7 56. f7 1-0

[Event "Ä15Ï"]
[Site "Loo"]
[Date "2017.04.28"]
[Round "9.8"]
[White "Òóêàåâà, Àèäà."]
[Black "Ïàêååâà, Íàìëàíà."]
[Result "1-0"]
[WhiteElo "1852"]
[BlackElo "1630"]
[PlyCount "61"]
[EventDate "2017.04.20"]

1. e4 c5 2. Nf3 Nc6 3. Bb5 g6 4. Bxc6 bxc6 5. O-O Bg7 6. d3 e5 7. Be3 d6 8.
Nfd2 Ne7 9. f4 exf4 10. Bxf4 Bxb2 11. Nc4 Bd4+ 12. Kh1 Be6 13. Nxd6+ Kd7 14. c3
Bg7 15. Qa4 Nc8 16. Nxc8 Qxc8 17. d4 cxd4 18. cxd4 Ke7 19. Rc1 Qd7 20. Qb4+ Ke8
21. Rd1 Qe7 22. Qa4 Bd7 23. Nc3 c5 24. Qa5 cxd4 25. Nd5 Qd8 26. Nc7+ Kf8 27.
Qc5+ Kg8 28. Nxa8 Qxa8 29. Rab1 Qxe4 30. Rb8+ Be8 31. Qc8 1-0

[Event "Ä15Ï"]
[Site "Loo"]
[Date "2017.04.28"]
[Round "9.9"]
[White "Ñåëåçíåâà, Åêàòåðèíà."]
[Black "Ìàðêîâà, Àííà."]
[Result "1-0"]
[WhiteElo "1845"]
[BlackElo "1553"]
[PlyCount "75"]
[EventDate "2017.04.20"]

1. e4 c6 2. d4 d5 3. Nc3 dxe4 4. Nxe4 Nf6 5. Nxf6+ exf6 6. c3 Bd6 7. Bd3 O-O 8.
Ne2 Qc7 9. Qc2 h6 10. Be3 Re8 11. O-O-O Bg4 12. Rde1 Nd7 13. Ng3 Bf4 14. Kb1
Bxe3 15. fxe3 c5 16. Qf2 c4 17. Bc2 b5 18. Qf4 Qxf4 19. exf4 Nb6 20. Be4 Rac8
21. Bb7 Rxe1+ 22. Rxe1 Rd8 23. f5 g6 24. h3 Bxf5+ 25. Nxf5 gxf5 26. Rf1 Kg7 27.
Rxf5 b4 28. Kc2 Rb8 29. Bc6 bxc3 30. bxc3 a6 31. Ra5 Rc8 32. Bf3 Rd8 33. Rxa6
Rd6 34. a4 Re6 35. d5 Nxd5 36. Rxe6 fxe6 37. Bxd5 exd5 38. a5 1-0

[Event "Ä15Ï"]
[Site "Loo"]
[Date "2017.04.28"]
[Round "9.10"]
[White "Ãóðîâà, Íàòàëèÿ."]
[Black "Íàñûáóëëèíà, Äàÿíà."]
[Result "1/2-1/2"]
[WhiteElo "1644"]
[BlackElo "1786"]
[PlyCount "80"]
[EventDate "2017.04.20"]

1. b4 d5 2. Bb2 Bg4 3. h3 Bh5 4. Nf3 Nf6 5. e3 e6 6. a3 Be7 7. Be2 O-O 8. O-O
Nbd7 9. d4 b6 10. Nbd2 c5 11. bxc5 bxc5 12. c4 Rb8 13. Bc3 Nb6 14. dxc5 Nxc4
15. Nxc4 dxc4 16. Bxc4 Bxc5 17. Qxd8 Rfxd8 18. Ne5 Rbc8 19. Ba6 Rc7 20. Ba5 Bb6
21. Bxb6 axb6 22. Rab1 Rc5 23. Nf3 Bxf3 24. gxf3 Ra5 25. Rxb6 Nd5 26. Rc6 Rxa3
27. Rfc1 Ne7 28. Rb6 Nd5 29. Rbc6 Ne7 30. Rb6 Nd5 31. Rbc6 Ne7 32. Rb6 Nd5 33.
Rbc6 Ne7 34. Rb6 Nd5 35. Rbc6 Ne7 36. Rb6 Nd5 37. Rbc6 Ne7 38. Rb6 Nd5 39. Rbc6
Ne7 40. Rb6 Nd5 1/2-1/2

[Event "Ä15Ï"]
[Site "Loo"]
[Date "2017.04.28"]
[Round "9.11"]
[White "Íèêîëàåâà, Êñåíèÿ."]
[Black "Òëåöåðè, Äæóëüåòòà."]
[Result "1/2-1/2"]
[WhiteElo "1743"]
[BlackElo "1575"]
[PlyCount "96"]
[EventDate "2017.04.20"]

1. e4 c5 2. Nf3 e6 3. d4 cxd4 4. Nxd4 Nf6 5. Nc3 Nc6 6. Ndb5 d6 7. Bf4 e5 8.
Bg5 a6 9. Na3 b5 10. Bxf6 Qxf6 11. Nd5 Qd8 12. g3 Be7 13. Bg2 O-O 14. O-O Be6
15. c3 Bg5 16. Nc2 Bxd5 17. Qxd5 Ne7 18. Qd3 Qb6 19. Kh1 Rad8 20. Nb4 Qb7 21.
Rad1 Kh8 22. Nd5 Nxd5 23. Qxd5 Qxd5 24. Rxd5 f5 25. exf5 Rxf5 26. f4 Bf6 27.
Be4 Rh5 28. Rfd1 Be7 29. Kg2 Rf8 30. fxe5 Rxe5 31. Rxe5 dxe5 32. Rd7 Bd8 33.
Rd6 a5 34. Rd5 b4 35. cxb4 axb4 36. Rxe5 Bf6 37. Rb5 Bxb2 38. Rxb4 Ba3 39. Rb3
Bd6 40. a4 Rb8 41. Rxb8+ Bxb8 42. Kf3 h6 43. h3 Kg8 44. g4 Kf7 45. Ke3 Ke7 46.
Kd4 Kd6 47. Kc4 Ba7 48. a5 Bf2 1/2-1/2

[Event "Ä15Ï"]
[Site "Loo"]
[Date "2017.04.28"]
[Round "9.12"]
[White "Ëûñîêîíü, Ïîëèíà."]
[Black "Òèíèíà, Êðèñòèíà."]
[Result "0-1"]
[WhiteElo "1610"]
[BlackElo "1611"]
[PlyCount "106"]
[EventDate "2017.04.20"]

1. d4 Nf6 2. c4 g6 3. Nc3 d5 4. cxd5 Nxd5 5. e4 Nxc3 6. bxc3 Bg7 7. Nf3 O-O 8.
Qc2 c5 9. Be3 Bg4 10. Be2 Bxf3 11. Bxf3 cxd4 12. Rd1 Nc6 13. O-O Rc8 14. Qb2
dxc3 15. Qxb7 Qc7 16. Rd7 Qxb7 17. Rxb7 Bd4 18. Bc1 Rfd8 19. Bd1 Bb6 20. Ba4
Nd4 21. g3 Ne2+ 22. Kg2 c2 23. Kf3 Nxc1 24. Rxc1 Rd2 25. Rxb6 axb6 26. Ke3 Rcd8
27. Bxc2 Kg7 28. h4 h6 29. f3 R2d6 30. Bb3 Rd3+ 31. Kf4 R8d6 32. Kg4 h5+ 33.
Kh3 Rxf3 34. Rd1 Rxd1 35. Bxd1 Re3 36. Bc2 Re2 37. Bb1 Rb2 38. Bd3 Rxa2 39. e5
Ra3 40. Bc4 Rc3 41. Ba2 Re3 42. e6 Rxe6 43. Bxe6 fxe6 44. Kg2 Kf6 45. Kf3 Kf5
46. Ke3 e5 47. Kf3 b5 48. Ke3 b4 49. Kd3 e4+ 50. Kc4 e3 51. Kxb4 e2 52. g4+
Kxg4 53. Ka3 e1=Q 0-1

[Event "Ä15Ï"]
[Site "Loo"]
[Date "2017.04.28"]
[Round "9.13"]
[White "Øàìñóòäèíîâà, Êàðèíà."]
[Black "Èâàíîâà, Ìàðèÿ."]
[Result "1-0"]
[WhiteElo "1617"]
[BlackElo "1328"]
[PlyCount "85"]
[EventDate "2017.04.20"]

1. d4 Nf6 2. c4 e5 3. dxe5 Ng4 4. e4 Nxe5 5. Nf3 Nbc6 6. Nc3 Bb4 7. Bd2 d6 8.
a3 Ba5 9. b4 Bb6 10. Nxe5 Nxe5 11. Be2 O-O 12. O-O Qh4 13. Qc1 Ng4 14. Bxg4
Qxg4 15. Qc2 f5 16. h3 Qh4 17. Rae1 Rf6 18. Nd5 Rf7 19. c5 dxc5 20. bxc5 c6 21.
cxb6 cxd5 22. exd5 Bd7 23. bxa7 Bb5 24. Bb4 Bxf1 25. Kxf1 Qd8 26. Qb3 Rxa7 27.
d6 b6 28. Re7 Raxe7 29. dxe7 Qd7 30. Qd5 Qe8 31. Qd8 Rxe7 32. Bxe7 Qxd8 33.
Bxd8 b5 34. Ke2 Kf7 35. Kd3 Ke6 36. Ba5 Kd5 37. Bb4 g6 38. f4 h6 39. h4 h5 40.
g3 Ke6 41. Kd4 g5 42. hxg5 Kf7 43. Kc5 1-0

[Event "Ä15Ï"]
[Site "Loo"]
[Date "2017.04.28"]
[Round "9.14"]
[White "Êðûëîâà, Ìàðèÿ."]
[Black "Ëîñü, ßíà."]
[Result "1-0"]
[WhiteElo "1308"]
[BlackElo "1609"]
[PlyCount "67"]
[EventDate "2017.04.20"]

1. e4 e5 2. Nf3 Nc6 3. Bc4 Bc5 4. c3 Nf6 5. d4 exd4 6. cxd4 Bb4+ 7. Bd2 Bxd2+
8. Nbxd2 d5 9. exd5 Nxd5 10. O-O O-O 11. Re1 Nb6 12. Qc2 Nxc4 13. Qxc4 Be6 14.
Qc3 Ne7 15. Ne4 Nd5 16. Qd2 Bf5 17. Ng3 Bg6 18. Ne5 c6 19. a3 Re8 20. Rac1 f6
21. Nxg6 hxg6 22. Ne4 Kf7 23. Re2 Qc7 24. g3 Rad8 25. b4 Qb6 26. Rce1 Nc7 27.
Qa2+ Kf8 28. Nc5 Rxe2 29. Qxe2 Re8 30. Nd7+ Kf7 31. Qc4+ Nd5 32. Rxe8 Qc7 33.
Rf8+ Ke7 34. Qe2+ 1-0

[Event "Ä15Ï"]
[Site "Loo"]
[Date "2017.04.28"]
[Round "9.15"]
[White "Àíäðååâà, Àíàñòàñèÿ."]
[Black "Øóìàêîâà, Ñâåòëàíà."]
[Result "1/2-1/2"]
[WhiteElo "1565"]
[BlackElo "1494"]
[PlyCount "91"]
[EventDate "2017.04.20"]

1. d4 d5 2. Nf3 Nf6 3. Bf4 e6 4. e3 c5 5. c3 Nc6 6. Nbd2 Be7 7. Be2 O-O 8. O-O
Bd6 9. Bxd6 Qxd6 10. Rc1 c4 11. a3 b5 12. Qc2 a5 13. e4 Qc7 14. exd5 exd5 15.
b3 Bd7 16. Rfe1 Rfe8 17. Bf1 a4 18. b4 h6 19. g3 Re7 20. Bg2 Rae8 21. Rxe7 Rxe7
22. Re1 Rxe1+ 23. Nxe1 Qc8 24. Nef3 Bf5 25. Qc1 Qe6 26. Qe1 Ne4 27. Qe3 Nxd2
28. Nxd2 Kf8 29. Nf3 Be4 30. Nh4 Bxg2 31. Nxg2 Qf5 32. Nh4 Qb1+ 33. Kg2 g5 34.
Nf3 Qf5 35. h4 f6 36. hxg5 hxg5 37. Nh2 Kf7 38. Qf3 Ke6 39. Ng4 Qxf3+ 40. Kxf3
Ne7 41. Ne3 Nf5 42. Nxf5 Kxf5 43. g4+ Ke6 44. Ke3 f5 45. f3 fxg4 46. fxg4
1/2-1/2

[Event "Ä15Ï"]
[Site "Loo"]
[Date "2017.04.28"]
[Round "9.16"]
[White "Ôàéðóçîâà, Çóëüôèÿ."]
[Black "Õàðèòîíîâà, Èðèíà."]
[Result "1-0"]
[WhiteElo "1677"]
[BlackElo "1476"]
[PlyCount "103"]
[EventDate "2017.04.20"]

1. d4 d5 2. c4 e6 3. Nf3 Nf6 4. Bg5 Nbd7 5. Nc3 Be7 6. e3 O-O 7. Bd3 dxc4 8.
Bxc4 a6 9. O-O b5 10. Bd3 c5 11. a3 Bb7 12. Be2 cxd4 13. Nxd4 Nb6 14. Rc1 Rc8
15. h3 Nbd5 16. Nxd5 Nxd5 17. Rxc8 Qxc8 18. Bxe7 Nxe7 19. Qc1 Qd7 20. Rd1 Rc8
21. Qd2 h6 22. Nf5 Qc7 23. Nxe7+ Qxe7 24. b4 Bd5 25. Rc1 Qb7 26. f3 Rxc1+ 27.
Qxc1 Qc6 28. Qxc6 Bxc6 29. Kf2 Kf8 30. f4 f5 31. Bf3 Bxf3 32. Kxf3 Ke7 33. e4
Kd6 34. Ke3 g6 35. Kd4 g5 36. g3 g4 37. hxg4 fxg4 38. e5+ Kd7 39. Ke4 h5 40. f5
h4 41. fxe6+ Kxe6 42. gxh4 g3 43. Kf3 Kxe5 44. h5 Kf5 45. Kxg3 Kg5 46. Kf3 Kxh5
47. Ke4 Kg4 48. Kd5 Kf5 49. Kc5 Ke5 50. Kb6 Kd5 51. Kxa6 Kc6 52. Ka5 1-0

[Event "Ä15Ï"]
[Site "Loo"]
[Date "2017.04.28"]
[Round "9.17"]
[White "Ãèáàäóëëèíà, Ðàÿíà."]
[Black "Ëèíöîâà, Ëèëèÿ."]
[Result "1-0"]
[WhiteElo "1706"]
[BlackElo "1524"]
[PlyCount "59"]
[EventDate "2017.04.20"]

1. e4 c5 2. Nc3 Nc6 3. g3 g6 4. Bg2 Bg7 5. d3 d6 6. f4 e6 7. Nf3 Nge7 8. O-O
O-O 9. Be3 Nd4 10. Qd2 Nec6 11. Nd1 Nxf3+ 12. Bxf3 Qb6 13. Bg2 Rd8 14. g4 f5
15. Qf2 Qc7 16. exf5 exf5 17. g5 Re8 18. Nc3 Be6 19. h4 Nd4 20. Kh2 Kf7 21. h5
Rab8 22. Rfe1 a6 23. Nd5 Qd7 24. c3 Nc6 25. Qh4 Qd8 26. Bf2 Ne7 27. Nf6 Bxf6
28. gxf6 Nc6 29. hxg6+ Kf8 30. Qh6+ 1-0

[Event "Ä15Ï"]
[Site "Loo"]
[Date "2017.04.28"]
[Round "9.18"]
[White "Âîëêîäàâ, Îëüãà."]
[Black "Êèñåëåâà, Åëèçàâåòà."]
[Result "0-1"]
[WhiteElo "1607"]
[BlackElo "1499"]
[PlyCount "54"]
[EventDate "2017.04.20"]

1. d4 d5 2. c4 e6 3. Nc3 Nf6 4. Bf4 Be7 5. e3 c5 6. Nb5 Na6 7. dxc5 Bxc5 8. Nc3
O-O 9. cxd5 Nxd5 10. Nxd5 exd5 11. Bd3 Bb4+ 12. Kf1 Nc5 13. Ne2 Be6 14. a3 Nxd3
15. Qxd3 Be7 16. g3 Bh3+ 17. Ke1 Qa5+ 18. b4 Bxb4+ 19. Kd1 Rac8 20. a4 Bg2 21.
Rg1 Be4 22. Qd4 Rc2 23. Qe5 Rd2+ 24. Ke1 Rxe2+ 25. Kxe2 Qa6+ 26. Kd1 Qd3+ 27.
Kc1 Qc2# 0-1

[Event "Ä15Ï"]
[Site "Loo"]
[Date "2017.04.28"]
[Round "9.19"]
[White "Ïè÷íåíêî, Íèíà."]
[Black "Õîìÿê, Àëåêñàíäðà."]
[Result "1-0"]
[WhiteElo "1507"]
[BlackElo "1599"]
[PlyCount "65"]
[EventDate "2017.04.20"]

1. e4 c5 2. Nc3 Nc6 3. g3 g6 4. Bg2 Bg7 5. d3 e6 6. Be3 d6 7. Qd2 Nge7 8. Bh6
O-O 9. Nge2 Rb8 10. h4 f5 11. h5 fxe4 12. dxe4 Rf7 13. O-O-O b5 14. hxg6 Nxg6
15. Bxg7 Kxg7 16. Qh6+ Kg8 17. f4 b4 18. Nb1 Rb6 19. g4 Qf8 20. f5 Qxh6+ 21.
Rxh6 exf5 22. exf5 Nge5 23. Bd5 Kg7 24. Rdh1 Rd7 25. Be6 Rd8 26. Rxh7+ Kf6 27.
g5+ Kxg5 28. Rg1+ Kf6 29. Rh6+ Ke7 30. Rg7+ Kf8 31. f6 Bxe6 32. Rh8+ Bg8 33.
Rhxg8# 1-0

[Event "Ä15Ï"]
[Site "Loo"]
[Date "2017.04.28"]
[Round "9.20"]
[White "Êîçûðåâà, Ìàðèíà."]
[Black "Ñàìîøêèíà, Âèêòîðèÿ."]
[Result "1-0"]
[WhiteElo "1598"]
[BlackElo "1482"]
[PlyCount "69"]
[EventDate "2017.04.20"]

1. d4 d5 2. c4 e6 3. Nf3 Nf6 4. g3 Be7 5. Bg2 O-O 6. O-O dxc4 7. Qc2 a6 8. a4
Nbd7 9. Bf4 Nd5 10. Bd2 Rb8 11. Qxc4 b5 12. axb5 axb5 13. Qd3 c5 14. Ba5 Qe8
15. e4 N5f6 16. Nbd2 cxd4 17. Qxd4 Bc5 18. Qd3 e5 19. b4 Be7 20. Rfc1 Bd8 21.
Nb3 Bb7 22. Nfd2 Qe6 23. Qe3 Ng4 24. Qe2 f5 25. Bxd8 Rfxd8 26. exf5 Qxf5 27.
Bh3 Ndf6 28. f3 Bxf3 29. Qxf3 Qxf3 30. Nxf3 Rd3 31. Nbd2 Rbd8 32. Rab1 Ne3 33.
Nf1 Nd1 34. Nxe5 R3d4 35. Nc6 1-0

[Event "Ä15Ï"]
[Site "Loo"]
[Date "2017.04.28"]
[Round "9.21"]
[White "Ìàêàðîâà, Àíàñòàñèÿ."]
[Black "Ñóðêîâà, Åêàòåðèíà."]
[Result "1-0"]
[WhiteElo "1562"]
[BlackElo "1428"]
[PlyCount "139"]
[EventDate "2017.04.20"]

1. d4 f5 2. e3 Nf6 3. f4 e6 4. Bd3 d5 5. c3 c6 6. Nf3 Bd6 7. O-O O-O 8. Nbd2
Nbd7 9. Ne5 Ne4 10. Ndf3 Qf6 11. Bd2 g5 12. Bxe4 dxe4 13. Nxd7 Bxd7 14. Nxg5 h6
15. Nh3 Kh7 16. Kh1 Rg8 17. Be1 Rg4 18. Nf2 Rxg2 19. Kxg2 Rg8+ 20. Kh1 Qg7 21.
Ng4 fxg4 22. Qc2 Qg6 23. Bh4 Be8 24. Qg2 Qf5 25. Qg3 Bh5 26. c4 Bc7 27. b4 b6
28. a3 c5 29. dxc5 bxc5 30. Rad1 Rg7 31. Rd2 e5 32. Bd8 Bb8 33. Rdd1 Rd7 34.
Rxd7+ Qxd7 35. Qh4 Qd3 36. Qe7+ Kg8 37. Qe6+ Kh7 38. Qe7+ Kg8 39. Rg1 exf4 40.
Qe6+ Kh7 41. Bf6 Qd6 42. Qxe4+ Bg6 43. Qb7+ Bc7 44. bxc5 Qxf6 45. Qxc7+ Kh8 46.
Qc8+ Kh7 47. Qd7+ Kh8 48. Qd4 Qxd4 49. exd4 Be4+ 50. Rg2 Kg7 51. d5 Kf7 52. c6
Ke7 53. Kg1 Bxg2 54. Kxg2 f3+ 55. Kf2 Kd6 56. c5+ Kc7 57. h3 h5 58. h4 a6 59.
a4 a5 60. Kg3 Kc8 61. d6 Kd8 62. c7+ Kd7 63. Kf2 Kc8 64. c6 g3+ 65. Kxf3 g2 66.
d7+ Kxc7 67. Kxg2 Kd8 68. Kf3 Kc7 69. Kf4 Kd8 70. Kg5 1-0

[Event "Ä15Ï"]
[Site "Loo"]
[Date "2017.04.28"]
[Round "9.22"]
[White "Áû÷åíêîâà, Àíãåëèíà."]
[Black "Øàðèêîâà, Àðèíà."]
[Result "1-0"]
[WhiteElo "1500"]
[BlackElo "1560"]
[PlyCount "39"]
[EventDate "2017.04.20"]

1. d4 Nf6 2. Nf3 e6 3. Bf4 b6 4. e3 Bb7 5. c4 Bb4+ 6. Nbd2 d6 7. Be2 Nbd7 8. h3
Ne4 9. O-O Bxd2 10. Nxd2 f5 11. Nxe4 Bxe4 12. Bf3 Bxf3 13. Qxf3 O-O 14. Qg3 Nf6
15. f3 Kh8 16. Bg5 Qe8 17. Bxf6 Rxf6 18. f4 Qh5 19. Qf3 Qh4 20. Qxa8+ 1-0

[Event "Ä15Ï"]
[Site "Loo"]
[Date "2017.04.28"]
[Round "9.23"]
[White "Èâàíîâà, Àíàñòàñèÿ Ñ."]
[Black "Ãàðáóçîâñêàÿ, Åëèçàâåòà."]
[Result "1-0"]
[WhiteElo "1538"]
[BlackElo "1445"]
[PlyCount "91"]
[EventDate "2017.04.20"]

1. d4 d5 2. c4 e6 3. Nc3 Nf6 4. Nf3 Be7 5. Bf4 a6 6. h3 Nbd7 7. e3 O-O 8. Bd3
dxc4 9. Bxc4 b5 10. Bd3 c5 11. O-O Bb7 12. dxc5 Nxc5 13. Bc2 Qb6 14. Qe2 Rfd8
15. Rfd1 Nce4 16. Be5 Nxc3 17. Bxc3 Nd5 18. Bd4 Bc5 19. Bxh7+ Kxh7 20. Qc2+ Kg8
21. Qxc5 Qa5 22. Qc2 Rac8 23. Qd2 Qa4 24. b3 Qa3 25. Qb2 Qf8 26. Ng5 Qe7 27.
Nf3 Nb4 28. Bxg7 Rc2 29. Qe5 Rxd1+ 30. Rxd1 Bxf3 31. Bf6 Qxf6 32. Qxf6 Bxd1 33.
Qd8+ Kg7 34. Qxd1 Rc6 35. Qd4+ f6 36. Qxb4 Rc2 37. Qe7+ Kg6 38. Qxe6 Rxa2 39.
f4 Ra1+ 40. Kh2 Rf1 41. g4 a5 42. f5+ Kg5 43. Qg8+ Kh4 44. Qh7+ Kg5 45. Qg6+
Kh4 46. Qxf6# 1-0

[Event "Ä15Ï"]
[Site "Loo"]
[Date "2017.04.28"]
[Round "9.24"]
[White "Áåëîâà, Êñåíèÿ."]
[Black "Ñêîðîáîãàòîâà, Àíàñòàñèÿ."]
[Result "0-1"]
[WhiteElo "1497"]
[BlackElo "1547"]
[PlyCount "132"]
[EventDate "2017.04.20"]

1. e4 c5 2. Nf3 d6 3. d4 cxd4 4. Nxd4 Nf6 5. Nc3 g6 6. Be3 Bg7 7. f3 O-O 8. Qd2
Nc6 9. Nb3 Be6 10. O-O-O Bxb3 11. cxb3 Qa5 12. h4 Nh5 13. Rh3 Rac8 14. Kb1 Nb4
15. g4 Nf6 16. h5 e6 17. Be2 d5 18. a3 Nc6 19. hxg6 fxg6 20. b4 Qd8 21. exd5
Nxd5 22. Nxd5 Qxd5 23. Qxd5 exd5 24. Rxd5 Rfe8 25. Bc4 Kh8 26. f4 Nxb4 27. axb4
Rxc4 28. Rb5 b6 29. g5 Rce4 30. Bc1 Bf8 31. Bd2 Re2 32. Rd5 Kg8 33. Rhd3 R2e7
34. Rf3 Rf7 35. Bc3 Bg7 36. Bd2 Ref8 37. Rh3 Rf5 38. Rdd3 Re8 39. Rh4 Rf7 40.
Rdh3 Bh8 41. Rh2 Rd8 42. Bc3 Bxc3 43. bxc3 Rd1+ 44. Kc2 Rf1 45. Re2 R1xf4 46.
Rxf4 Rxf4 47. Re8+ Kg7 48. Ra8 Rf7 49. Rd8 h6 50. Rd5 hxg5 51. Rxg5 Kh6 52. Rg2
Rd7 53. Kb3 b5 54. Rg4 Kh5 55. Re4 Rb7 56. c4 bxc4+ 57. Kxc4 g5 58. Kc5 g4 59.
b5 g3 60. Re1 Kg4 61. Kc6 Rf7 62. Rg1 Kh3 63. Rh1+ Kg2 64. Ra1 Kh2 65. Ra2+ g2
66. Rd2 Kh1 0-1

[Event "Ä15Ï"]
[Site "Loo"]
[Date "2017.04.28"]
[Round "9.25"]
[White "Ìîñêàëåâà, Àðèíà."]
[Black "Áàäðàêîâà, Êñåíèÿ."]
[Result "1-0"]
[WhiteElo "1504"]
[BlackElo "1422"]
[PlyCount "57"]
[EventDate "2017.04.20"]

1. d4 Nf6 2. c4 g6 3. Nc3 Bg7 4. e4 d6 5. f3 O-O 6. Be3 Nbd7 7. Qd2 e5 8. Nge2
exd4 9. Nxd4 Ne5 10. O-O-O Nc6 11. g4 Nxd4 12. Bxd4 Nd7 13. Bxg7 Kxg7 14. h4
Ne5 15. Be2 Be6 16. f4 Nc6 17. h5 Rh8 18. f5 Bc8 19. hxg6 hxg6 20. Nd5 f6 21.
g5 gxf5 22. gxf6+ Kf7 23. Bh5+ Ke6 24. Qg5 Rxh5 25. Rxh5 Qf8 26. Qxf5+ Kf7 27.
Rh7+ Ke8 28. Qg6+ Kd8 29. f7 1-0

[Event "Ä15Ï"]
[Site "Loo"]
[Date "2017.04.28"]
[Round "9.26"]
[White "Åìåëüÿíåíêî, Ìàðèíà."]
[Black "Èâàíîâà, Àíàñòàñèÿ."]
[Result "1-0"]
[WhiteElo "1480"]
[BlackElo "1257"]
[PlyCount "95"]
[EventDate "2017.04.20"]

1. e4 e5 2. Nf3 d6 3. d4 exd4 4. Nxd4 Nf6 5. Nc3 Be7 6. Bc4 Bd7 7. O-O O-O 8.
Re1 Nc6 9. h3 Nxd4 10. Qxd4 Bc6 11. Bf4 Re8 12. Rad1 Qc8 13. b4 Nh5 14. Bh2 Bf6
15. e5 Bxe5 16. Bxe5 dxe5 17. Rxe5 Rxe5 18. Qxe5 Nf6 19. Qe7 Qf8 20. Qxc7 Rc8
21. Qf4 Qe7 22. a3 a6 23. Qd4 h6 24. Bb3 Qc7 25. Na4 Nd5 26. Nc5 Nf6 27. Qd6
Ne8 28. Qxc7 Nxc7 29. c4 b6 30. Nd7 b5 31. c5 Na8 32. Ne5 Be8 33. Rd6 Nc7 34.
Ng6 Kh7 35. Ne7 Rb8 36. Nd5 Na8 37. Rxa6 Kg8 38. a4 Bd7 39. a5 Kf8 40. Rd6 Be8
41. Bd1 f6 42. Bf3 Bf7 43. Nb6 Nxb6 44. axb6 Be8 45. b7 Ke7 46. Kf1 g6 47. Ra6
Rd8 48. Ra8 1-0

[Event "Ä15Ï"]
[Site "Loo"]
[Date "2017.04.28"]
[Round "9.27"]
[White "Àáðàìîâà, Ìàðèÿ."]
[Black "Íèêîíîðîâà, Ìåëàíèÿ."]
[Result "1/2-1/2"]
[WhiteElo "1479"]
[BlackElo "1321"]
[PlyCount "83"]
[EventDate "2017.04.20"]

1. d4 Nf6 2. c4 g6 3. Nf3 Bg7 4. g3 O-O 5. Bg2 d6 6. O-O Nbd7 7. Nc3 e5 8. a3
Nh5 9. dxe5 dxe5 10. Qc2 f5 11. Rd1 c6 12. b4 Qf6 13. Bb2 e4 14. Nd4 Nb6 15.
Na4 Qf7 16. Nxb6 axb6 17. a4 c5 18. bxc5 bxc5 19. Nb5 Bxb2 20. Nd6 Qg7 21. Rab1
Ba3 22. Rb6 Bb4 23. f3 Qc7 24. Nxc8 Raxc8 25. Rbd6 Rfd8 26. R6d5 Rxd5 27. Rxd5
Nf6 28. Rd1 e3 29. f4 Qe7 30. Qd3 Bd2 31. Rb1 Bb4 32. Rd1 Bd2 33. Rb1 Ne4 34.
Qd5+ Qf7 35. Bxe4 fxe4 36. Qxe4 Rc7 37. Rb5 Kf8 38. Kg2 Qe7 39. Qb1 Rd7 40. Qb2
Kg8 41. a5 Bb4 42. Qa1 1/2-1/2